00603 2200241 4500001002100000005001700021008004100038035002400079082001000103090001700113100002000130245003700150250001100187260003200198300001900230500002700249650001900276850001500295980001500310985000600325999001500331999001500346YOGYA-0209000002307220090227023733.0 ind  0010-020900000023072 a362.2 a362.2bDar K aDARAJAT, Zakiah aKesehatan mentalcZakiah Darajat aCet. 7 aJakartabGunung Agungc1979 a135 hlmc21 cm aBibliografi : hlm. 135 aKesehatan Jiwa aYOPDYOG(B) a02-05-2007 a2 a06A0020711 a06A0020712